[Event "OP-2012-0-02272"]
[Site "LSS email"]
[Date "2012.06.29"]
[Round "?"]
[White "Khan, Valery"]
[Black "Kasakov, Denis"]
[Result "1-0"]
[WhiteElo "1852"]
[BlackElo "1000"]
[PlyCount "29"]
[EventDate "2012.06.27"]
[EventType "tourn (corr)"]
[EventRounds "4"]
[EventCountry "GER"]
[SourceTitle "Corr 2015"]
[Source "ChessBase"]
[SourceDate "2015.07.17"]
[SourceVersion "1"]
[SourceVersionDate "2015.07.17"]
[SourceQuality "1"]

1. e4 e5 2. Nf3 Nc6 3. d4 Nh6 4. d5 Nb8 5. Nxe5 Bb4+ 6. c3 Bd6 7. Nc4 Bc5 8. b4 Qh4 9. bxc5 0-0 10. Bd3 Ng4 11. g3 Qh3 12. Bf1 Qh5 13. h3 Ne5 14. Qxh5 g6 15. Qxe5 1-0

[Event "OP-2012-0-02270"]
[Site "LSS email"]
[Date "2012.06.28"]
[Round "?"]
[White "Pilgram, Kurt"]
[Black "Kasakov, Denis"]
[Result "1-0"]
[WhiteElo "1602"]
[BlackElo "1400"]
[PlyCount "41"]
[EventDate "2012.06.25"]
[EventType "tourn (corr)"]
[EventRounds "4"]
[EventCountry "GER"]
[SourceTitle "Telechess CBM 153"]
[Source "ChessBase"]
[SourceDate "2013.03.14"]
[SourceVersion "1"]
[SourceVersionDate "2013.03.14"]
[SourceQuality "1"]

1. d4 d5 2. c4 dxc4 3. Nf3 a6 4. e3 Bf5 5. Nc3 e6 6. e4 Bg4 7. Bxc4 Nf6 8. Be3 Nc6 9. 0-0 Bh5 10. Be2 Ng4 11. Bf4 f6 12. d5 Nb4 13. Nd4 e5 14. Ne6 Qe7 15. Bg3 Rd8 16. Nxd8 Qxd8 17. a3 a5 18. axb4 axb4 19. Nb5 c6 20. Ra8 Qxa8 21. Nc7+ 1-0